000
00302nam a22001217a 4500
008
230607b xxu||||| |||| 00| 0 eng d
082
_a
828.912
_b
SAR
100
_c
Jean-Paul Sartre
245
_a
Three Plays
_b
Penguin Plays
_c
The trojan women
260
_b
Penguin Books
300
_a
347p
942
_2
ddc
_c
BK
999
_c
771
_d
771